00262pam a2200109 a 4500020000500000041000500005082001300010100001600023245007500039260002700114300001100141 c h a330bMAH aMahajan, M. aA Textbook Of Management Economics (Microeconomics)hTextual Documents aPunebNirali Prakashan a296/PB